Responses for Show #2590 - Friday, December 1, 1995

Michael Daunt game 2.

Contestants

Joe Carroll, a fundraiser from Philadelphia, Pennsylvania

Deedie Gustavson, an administrative assistant from Doylestown, Pennsylvania

Michael Daunt, a graduate student from Waterloo, Ontario, Canada (whose 1-day cash winnings total $6,399)

[next game >>]

Jeopardy! Round responses

MOUNTAINS
ROCK LYRICS
SAUCES
WEATHER
HISTORY
HOMOPHONES
    $100 20
Olympus

Joe
    $100 7
Maybellene

Michael
    $100 6
eggs

Michael
    $100 12
snow

Michael
    $100 1
(Michael: What is Peru?)

Mexico

MichaelDeedie
    $100 17
barre/bar

Michael
    $200 21
Everest

Joe
    $200 8
kiss the sky

Michael
    $200 27
roast beef

Triple Stumper
    $200 13
Sahara

Michael
    $200 2
Cleopatra

Michael
    $200 18
corps/core

Michael
    $300 22
Sinai

Joe
    $300 9
Does anybody really care?

Michael
    $300 28
garlic

Deedie
    $300 14
mercury

Michael
    $300 3
Ferdinand and Isabella

Deedie
    $300 19
Swann/Swan

Joe
    $400 23
Adirondacks

Joe
    $400 10
spinning wheel

Michael
    $400 29
tongue

Deedie
    $1,000 15
tornado

Michael
    $400 4
Australia

Deedie
    $400 25
(Joe: What is Markovich?)

Prince/prints

DeedieJoe
    $500 24
Mont Blanc

Michael
    $500 11
(Michael: What is "touch me, baby"?)
[Initially ruled incorrect; reversed after the break. Alex was looking for "[*]. (Can't you see that I am not afraid?)"]

"touch me, babe"

Michael
    $500 30
vinegar

Deedie
    $500 16
front

Michael
    $500 5
Catherine the Great

Joe
    $500 26
tulle/tool

Michael

Scores at the first commercial break (after clue 15):

Michael Deedie Joe
$3,300 $800 $500

Scores at the end of the Jeopardy! Round:

Michael Deedie Joe
$5,100 $2,400 $1,400

Double Jeopardy! Round responses

THE 1830s
FAMOUS MILTONS
WORLD FACTS
WOMEN NOVELISTS
SUPREME COURT JUSTICES
LATIN WORDS & PHRASES
    $200 1
(Samuel) Morse

Joe
    $200 17
Milton Berle

Joe
    $200 6
red and white

Michael
    $200 14
Willa Cather

Michael
    $200 22
Georgia

Michael
    $200 11
love

Michael
    $400 2
Sam Houston

Michael
    $400 18
John Milton

Michael
    $400 7
national anthem

Michael
    $400 23
Jacqueline Susann

Michael
    $400 27
Sandra Day O'Connor

Joe
    $400 12
divided in three parts

Michael
    $600 3
Mormon

Joe
    $600 19
Milton Bradley

Joe
    $600 8
Costa Rica

Michael
    $600 24
Barbara Cartland

Michael
    $600 28
John Jay

Michael
    $600 13
buyer beware

Joe
    $800 4
Nat Turner

Michael
    $800 20
Milton Eisenhower

Joe
    $800 9
Sri Lanka

Michael
    $800 25
Mary McCarthy

Joe
    $800 29
California

Joe
    $800 15
seize the day

Deedie
    $1000 5
(Nathaniel) Hawthorne

Michael
    $1000 21
Milton Friedman

Triple Stumper
    $3,000 10
Martinique

Michael
    $1000 26
Alice Walker

Deedie
    $6,000 30
Brandeis

Joe
    $1000 16
to the stars

Michael

Scores at the end of the Double Jeopardy! Round:

Michael Deedie Joe
$16,300 $4,200 $12,400

[wagering suggestions for these scores]

Final Jeopardy! Round responses

U.S. AIRPORTS
(Alex: The reason this city is number one in the world is because of a delivery service called Federal Express, and the airport is in [*].)
DeedieWhat is O'Hare?
$4,200
JoeWhat is Los Angeles
$12,000
MichaelWhat is Atlanta?
$8,501
Memphis

Final scores:

Michael Deedie Joe
$7,799 $0 $400
2-day champion: $14,198 3rd place: Enesco Small World of Music multiaction musical 2nd place: Broyhill Fontana furniture collection & Aiwa digital mini system

Game dynamics:

Coryat scores:

Michael Deedie Joe
$13,700 $4,200 $7,400
33 R
(including 2 DDs),
1 W
9 R,
0 W
16 R
(including 1 DD),
1 W

Combined Coryat: $25,300

[game clues] [game scores] [suggest correction]

Game tape date: Unknown
The J! Archive is created by fans, for fans. Scraping, republication, monetization, and malicious use prohibited; this site may use cookies and collect identifying information. See terms. The Jeopardy! game show and all elements thereof, including but not limited to copyright and trademark thereto, are the property of Jeopardy Productions, Inc. and are protected under law. This website is not affiliated with, sponsored by, or operated by Jeopardy Productions, Inc. Join the discussion at JBoard.tv.